[Event "16th ch-EUR Indiv w 2015"]
[Site "Chakvi GEO"]
[Date "2015.05.25"]
[Round "7.25"]
[White "Mammadzada, Gunay"]
[Black "Zhorzholiani, Meri"]
[Result "1/2-1/2"]
[WhiteTitle "WGM"]
[BlackTitle "WFM"]
[WhiteElo "2336"]
[BlackElo "2071"]
[WhiteFideId "13403729"]
[BlackFideId "13604031"]
[EventDate "2015.05.19"]

1. e4 e6 2. d4 d5 3. Nd2 c5 4. exd5 exd5 5. Ngf3 Nc6 6. Bb5 Bd6 7. dxc5 Bxc5 8.
O-O Ne7 9. Nb3 Bd6 10. Re1 O-O 11. Bd3 a6 12. c3 f6 13. h3 Qc7 14. Nbd4 Ne5 15.
Bc2 Bd7 16. Nh4 g6 17. Bb3 Rad8 18. Nhf3 Kh8 19. Nc2 Bf5 20. Nfd4 Bc8 21. Bf4
Rfe8 22. Ne3 Qc5 23. Bg3 b5 24. Bc2 Nc4 25. Bh4 Rf8 26. b3 Ne5 27. Rc1 Qc7 28.
Bb1 Ba3 29. Rc2 Bd6 30. Bg3 Rfe8 31. f4 N5c6 32. Qf3 Nxd4 33. cxd4 Qb6 34. Rd1
Bf5 35. Nxf5 Nxf5 36. Bf2 Re4 37. Re2 Rxf4 38. Qc3 b4 39. Qd3 Bb8 40. Qd2 Qd6
41. Bxf5 Rxf5 42. g3 Rh5 43. Kg2 Rf8 44. Rde1 Qd7 45. Rh1 f5 46. Re3 f4 47. Rf3
Rhf5 1/2-1/2

[Event "16th ch-EUR Indiv w 2015"]
[Site "Chakvi GEO"]
[Date "2015.05.25"]
[Round "7.26"]
[White "Imnadze, Nato"]
[Black "Ovod, Evgenija"]
[Result "1-0"]
[WhiteTitle "WIM"]
[BlackTitle "IM"]
[WhiteElo "2196"]
[BlackElo "2320"]
[WhiteFideId "13600974"]
[BlackFideId "4131827"]
[EventDate "2015.05.19"]

1. e4 e6 2. d4 d5 3. Nd2 c5 4. Ngf3 cxd4 5. Nxd4 Nf6 6. exd5 Qxd5 7. Nb5 Na6 8.
c4 Qd8 9. Be2 Bd7 10. O-O Be7 11. Bf3 Bc6 12. Qe2 O-O 13. Rd1 Qc8 14. b3 Rd8 15.
Bb2 Nc5 16. Nf1 Bxf3 17. Qxf3 a6 18. Nc3 Qc7 19. Ng3 Bd6 20. b4 Ncd7 21. c5 Be5
22. Rac1 Nf8 23. Na4 Bxb2 24. Nxb2 Nd5 25. a3 b6 26. cxb6 Qxb6 27. Nc4 Qc7 28.
Na5 Qd7 29. Ne4 Ng6 30. Nc5 Qb5 31. Nab7 Rf8 32. Qe4 Qb6 33. g3 Nge7 34. Na5
Rfd8 35. Qe2 h6 36. Qf3 Ra7 37. Nc4 Qb8 38. Qe2 Nf6 39. Ne5 Rxd1+ 40. Rxd1 Qb6
41. Nc4 Qc7 42. Rd6 a5 43. Na6 Qc8 44. Nxa5 Qc1+ 45. Kg2 Qxa3 46. Rd8+ Kh7 47.
Qc2+ Ng6 48. Rd6 Rxa6 49. Rxa6 Qxb4 50. Ra7 Nd5 51. Nc6 Qf8 52. h4 h5 53. Rb7 f5
54. Nd4 Qf6 55. Nf3 Ne5 56. Ng5+ Kg6 57. Qc8 f4 58. Qe8+ Kf5 59. Nf3 g6 60. Nd4+
Ke4 61. Qa4 Nc3 62. Qb4 Nd5 63. Qa4 Nc3 64. Qa1 fxg3 65. Qe1+ Kxd4 66. Qe3+ Kd5
67. f4 Ng4 68. Qd3+ Kc6 69. Qa6+ Kd5 70. Rd7+ Ke4 71. Qd3+ Kxf4 72. Qxg3+ Ke4
73. Qd3+ Kf4 74. Qf3+ Ke5 75. Qxc3+ Kf5 76. Qf3+ Ke5 77. Qe2+ Kf5 78. Rd1 e5 79.
Rf1+ Ke6 80. Qa6+ Kf7 81. Qb7+ Ke6 82. Qc6+ Ke7 83. Rxf6 Nxf6 84. Kf3 Kf7 85.
Qd6 Ng4 86. Ke4 Kg7 87. Qe7+ Kh6 88. Kd5 Ne3+ 89. Kxe5 Nf5 90. Qf8+ Kh7 91. Ke4 1-0

[Event "16th ch-EUR Indiv w 2015"]
[Site "Chakvi GEO"]
[Date "2015.05.25"]
[Round "7.27"]
[White "Gaboyan, Susanna"]
[Black "Gvetadze, Sofio"]
[Result "1/2-1/2"]
[BlackTitle "IM"]
[WhiteElo "2153"]
[BlackElo "2319"]
[WhiteFideId "13303627"]
[BlackFideId "13601440"]
[EventDate "2015.05.19"]

1. d4 c5 2. d5 Nf6 3. c4 g6 4. Nc3 Bg7 5. e4 d6 6. Nf3 O-O 7. h3 Na6 8. Bd3 Nc7
9. O-O Rb8 10. a4 a6 11. Bf4 e5 12. dxe6 fxe6 13. e5 Nfe8 14. Bg5 Qd7 15. Ne4 b6
16. a5 d5 17. axb6 dxe4 18. bxc7 Qxc7 19. Bxe4 Bxe5 20. Bd8 Qg7 21. Nxe5 Qxe5
22. Bc6 Qg7 23. b3 Bb7 24. Bxb7 Qxb7 25. Bg5 Ng7 26. Qd6 Qxb3 27. Be7 Rf7 28.
Rab1 Qxb1 29. Rxb1 Rxb1+ 30. Kh2 h5 31. Qxc5 Kh7 32. Bh4 Rc1 33. g4 hxg4 34.
hxg4 Rf4 35. Qe7 Rfxc4 36. Bg3 Re1 37. Qf6 Rce4 38. Qh4+ Kg8 39. Qd8+ Kh7 40.
Qh4+ Kg8 41. Qd8+ Kh7 42. Qh4+ 1/2-1/2

[Event "16th ch-EUR Indiv w 2015"]
[Site "Chakvi GEO"]
[Date "2015.05.25"]
[Round "7.29"]
[White "Mammadova, Narmin"]
[Black "Stetsko, Lanita"]
[Result "1/2-1/2"]
[WhiteTitle "WCM"]
[BlackTitle "FM"]
[WhiteElo "2117"]
[BlackElo "2286"]
[WhiteFideId "13403710"]
[BlackFideId "13505300"]
[EventDate "2015.05.19"]

1. e4 e5 2. Nf3 Nc6 3. Nc3 Nf6 4. h3 d5 5. exd5 Nxd5 6. Bb5 Nxc3 7. bxc3 Bd6 8.
d4 exd4 9. cxd4 O-O 10. O-O Qf6 11. c3 h6 12. Bd3 Bf5 13. Rb1 b6 14. Rb5 Bxd3
15. Qxd3 Ne7 16. c4 c5 17. Bb2 Qf4 18. d5 Qf5 19. Qc3 f6 20. Re1 Ng6 21. Bc1
Rae8 22. Be3 Re7 23. Rbb1 Rfe8 24. a4 Ne5 25. Nxe5 Bxe5 26. Qd2 Bd6 27. Qc3 Re4
28. Rec1 Qd7 29. a5 Bc7 30. axb6 axb6 31. Re1 Qd6 32. g3 Qd7 33. Kg2 h5 34. Bd2
h4 35. Rxe4 Rxe4 36. Re1 Qe8 37. Rxe4 Qxe4+ 38. Qf3 Qxc4 39. Qf5 Bd8 40. Qe6+
Kh7 41. Qf5+ Kg8 42. Qe6+ Kh7 43. Qf5+ 1/2-1/2

[Event "16th ch-EUR Indiv w 2015"]
[Site "Chakvi GEO"]
[Date "2015.05.25"]
[Round "7.30"]
[White "Sviridova, Vlada"]
[Black "Ibrahimova, Sabina"]
[Result "1/2-1/2"]
[WhiteTitle "WFM"]
[BlackTitle "WIM"]
[WhiteElo "2087"]
[BlackElo "2272"]
[WhiteFideId "24109606"]
[BlackFideId "13403893"]
[EventDate "2015.05.19"]

1. d4 Nf6 2. c4 g6 3. Nc3 Bg7 4. e4 d6 5. Nf3 O-O 6. Be2 e5 7. O-O Na6 8. Be3
Ng4 9. Bg5 Qe8 10. dxe5 Nxe5 11. Nd4 Nc6 12. Be3 Bd7 13. Nxc6 Bxc6 14. Bd4 Nc5
15. Bf3 a5 16. Nd5 Bxd5 17. exd5 Bxd4 18. Qxd4 Qe5 19. Rad1 Rfe8 20. g3 Qxd4 21.
Rxd4 Re5 22. Rfd1 Ra6 23. Kf1 Rb6 24. R4d2 Rb4 25. Be2 Na4 26. a3 Rb6 27. Rb1
Nc3 28. Re1 Ne4 29. Rc2 Nc5 30. Rd1 Re8 31. Rd4 Nb3 32. Rd1 Nc5 33. Rd4 Kg7 34.
h4 h5 35. Bd1 Nb3 36. Rd3 Nc5 37. Rd4 Kf8 38. Rcd2 a4 39. Rf4 Kg7 40. Rfd4 Kf8
41. Rf4 Re5 42. Rfd4 Kg7 43. Rf4 Ra6 44. Rfd4 Rb6 45. Rf4 Ra6 46. Rfd4 1/2-1/2

[Event "16th ch-EUR Indiv w 2015"]
[Site "Chakvi GEO"]
[Date "2015.05.25"]
[Round "7.31"]
[White "Zaksaite, Salomeja"]
[Black "Daulyte, Deimante"]
[Result "1/2-1/2"]
[WhiteTitle "WIM"]
[BlackTitle "IM"]
[WhiteElo "2203"]
[BlackElo "2402"]
[WhiteFideId "12801496"]
[BlackFideId "12802859"]
[EventDate "2015.05.19"]

1. e4 e5 2. Nf3 Nc6 3. Bb5 a6 4. Ba4 Nge7 5. Nc3 d6 6. d4 b5 7. Bb3 Nxd4 8. Nxd4
exd4 9. Qh5 Ng6 10. Qd5 Be6 11. Qc6+ Bd7 12. Qd5 Ne5 13. f4 Be6 14. Qxd4 c5 15.
Qf2 Ng4 16. Qg3 c4 17. f5 h5 18. fxe6 fxe6 19. h3 Ne5 20. Bf4 Be7 21. O-O-O Bf6
22. Bxe5 Bxe5 23. Qg6+ Kd7 24. Na4 Rh6 25. Qf7+ Kc6 26. Bxc4 bxc4 27. Qf1 Kb5
28. b3 Rc8 29. Nb2 Bxb2+ 30. Kxb2 Qf6+ 31. Qxf6 Rxf6 32. Rxd6 c3+ 33. Kb1 Rcf8
34. a4+ Kb4 35. Rhd1 e5 36. Ka2 Rf2 37. Rb6+ Kc5 38. Rdd6 Rxc2+ 39. Ka3 Rc8 40.
Rxa6 Rd2 41. b4+ Kc4 42. b5 Rxd6 43. Rxd6 c2 44. Kb2 Kb4 45. Rc6 Rb8 46. Kxc2
Kxa4 47. b6 Kb5 48. Re6 Rxb6 49. Rxe5+ Kc4 50. Rxh5 Rg6 51. g4 Kd4 52. e5 Rc6+
53. Kd2 g6 54. Rg5 Ke4 55. h4 Kd4 56. Kd1 Ke4 57. Ke2 Rc2+ 58. Kd1 Rc6 59. Kd2
Kd4 60. h5 gxh5 61. gxh5 Re6 62. Rg6 Kxe5 63. Rxe6+ Kxe6 1/2-1/2

[Event "16th ch-EUR Indiv w 2015"]
[Site "Chakvi GEO"]
[Date "2015.05.25"]
[Round "7.32"]
[White "Schleining, Zoya"]
[Black "Khurtsilava, Inga"]
[Result "1/2-1/2"]
[WhiteTitle "WGM"]
[BlackTitle "WGM"]
[WhiteElo "2375"]
[BlackElo "2212"]
[WhiteFideId "4671660"]
[BlackFideId "13600419"]
[EventDate "2015.05.19"]

1. d4 d5 2. c4 e6 3. Nc3 Nf6 4. cxd5 exd5 5. Bg5 Bb4 6. Qb3 Nc6 7. e3 Bxc3+ 8.
bxc3 Na5 9. Qa3 b6 10. Bd3 h6 11. Bh4 Qe7 12. Qxe7+ Kxe7 13. Nf3 Be6 14. O-O g5
15. Bg3 Ne4 16. Bxe4 dxe4 17. Nd2 f5 18. f3 Nc4 19. Nxc4 Bxc4 20. Rf2 c6 21. Be5
Rh7 22. a4 Rf7 23. a5 b5 24. Rb1 Raf8 25. fxe4 fxe4 26. Rbb2 Ke6 27. Bg7 Rxf2
28. Rxf2 Rxf2 29. Kxf2 h5 30. Bf8 a6 31. h3 Bb3 32. Ke2 Bc4+ 33. Kf2 Bb3 34. Ke2
g4 35. hxg4 hxg4 36. g3 Kd5 37. Kd2 Kc4 38. Bd6 Ba4 39. Be7 Kb3 40. Bd6 Kb2 41.
Bc5 1/2-1/2

[Event "16th ch-EUR Indiv w 2015"]
[Site "Chakvi GEO"]
[Date "2015.05.25"]
[Round "7.33"]
[White "Isgandarova, Khayala"]
[Black "Hairapetian, Anna"]
[Result "1/2-1/2"]
[WhiteTitle "WIM"]
[BlackTitle "WIM"]
[WhiteElo "2243"]
[BlackElo "2192"]
[WhiteFideId "13401823"]
[BlackFideId "13303554"]
[EventDate "2015.05.19"]

1. e4 c5 2. Nf3 d6 3. Bb5+ Bd7 4. Bxd7+ Qxd7 5. c4 Nc6 6. Nc3 g6 7. d4 cxd4 8.
Nxd4 Bg7 9. Be3 Nf6 10. f3 O-O 11. b3 a6 12. O-O Nxd4 13. Bxd4 b5 14. Rc1 Rfc8
15. Kh1 e6 16. Qe2 Rab8 17. Rfd1 bxc4 18. Na4 Qb5 19. Rxc4 Rxc4 20. Qxc4 Qxc4
21. bxc4 Rb4 22. Nb6 Nxe4 23. Bg1 Nc3 24. Rxd6 Be5 25. Rd8+ Kg7 26. g3 Rb1 27.
Kg2 Bc7 28. Rd3 Rxg1+ 29. Kxg1 Bxb6+ 30. Kf1 Nxa2 31. Rd6 Bc5 32. Rxa6 Nb4 33.
Ra5 Be7 34. Ra7 Kf6 35. Ke2 e5 36. Rb7 Bd6 37. Rb5 Nc6 38. Rb6 Nd4+ 39. Kd3 Ke7
40. Ke4 Bc7 41. Ra6 f5+ 42. Ke3 Ne6 43. Rc6 g5 44. g4 Kd7 45. Ra6 f4+ 46. Kf2
Bd6 47. Ra8 h6 48. h3 Kc6 49. Rc8+ Kd7 50. Ra8 Bc5+ 51. Kg2 Nd4 52. Rh8 Nc2 53.
Rh7+ Kd8 54. Kf1 Ne3+ 55. Ke2 e4 56. Rxh6 exf3+ 57. Kxf3 Nxc4 58. h4 gxh4 59. g5
Be3 60. Re6 Kd7 61. Rh6 Ke7 62. Rxh4 Nd2+ 63. Ke2 Kf7 64. Rh3 Nc4 65. Kd3 Nd2
66. Rxe3 fxe3 67. Kxe3 Kg6 1/2-1/2

[Event "16th ch-EUR Indiv w 2015"]
[Site "Chakvi GEO"]
[Date "2015.05.25"]
[Round "7.35"]
[White "Khomeriki, Nino"]
[Black "Gavasheli, Ana"]
[Result "1/2-1/2"]
[WhiteTitle "WFM"]
[BlackTitle "WIM"]
[WhiteElo "2228"]
[BlackElo "2122"]
[WhiteFideId "13603191"]
[BlackFideId "13602586"]
[EventDate "2015.05.19"]

1. d4 Nf6 2. Nf3 g6 3. Nbd2 d5 4. b4 Bg7 5. e3 O-O 6. Bb2 c6 7. c4 Qe8 8. Be2
Ne4 9. O-O f5 10. cxd5 cxd5 11. Qb3 Nxd2 12. Nxd2 e6 13. b5 Nd7 14. Nf3 Qd8 15.
a4 b6 16. Ba3 Re8 17. Bb4 a5 18. Bd6 Nf6 19. Be5 Bb7 20. Rac1 Rc8 21. Bf4 Ne4
22. Qb2 g5 23. Rxc8 Bxc8 24. Be5 g4 25. Ne1 Bxe5 26. dxe5 Qc7 27. Nd3 Qc3 28.
Qa2 Qc7 29. Rc1 Qd8 30. Qb2 Bd7 31. Qd4 Kh8 32. Nf4 Kg8 33. Bd3 Nc5 34. Bc2 Qg5
35. Kh1 Rc8 36. Bd1 Kf7 37. Qb2 h5 38. f3 gxf3 39. gxf3 Rg8 40. Bc2 Qh4 41. Rf1
Qg5 42. Qa1 Be8 43. Rg1 Qxg1+ 44. Qxg1 Rxg1+ 45. Kxg1 Kg7 46. Kg2 Kh6 47. Kg3
Kg5 48. h4+ Kh6 49. Ne2 Nd7 50. Nd4 Bf7 51. Bxf5 exf5 52. e6 Bxe6 53. Nxe6 Kg6
54. Nf4+ Kf6 55. Nxh5+ Ke5 56. Nf4 Nc5 57. h5 Nxa4 58. Nxd5 f4+ 59. Nxf4 Nc3 60.
Kg4 Kf6 61. e4 a4 62. h6 Nxb5 63. e5+ Kf7 64. e6+ Kg8 65. Nd5 a3 66. Nb4 Nc7 67.
Kf5 Kh7 68. f4 Kxh6 69. Ke5 Kg7 70. f5 Ne8 71. Na2 b5 72. Nb4 Nf6 73. Kd6 Kf8
74. Kc5 Ne8 75. Kxb5 Nd6+ 76. Kc6 Nxf5 77. Kd7 Ne7 78. Na2 Nf5 1/2-1/2

[Event "16th ch-EUR Indiv w 2015"]
[Site "Chakvi GEO"]
[Date "2015.05.27"]
[Round "8.1"]
[White "Batsiashvili, Nino"]
[Black "Girya, Olga"]
[Result "1-0"]
[WhiteTitle "IM"]
[BlackTitle "WGM"]
[WhiteElo "2473"]
[BlackElo "2479"]
[WhiteFideId "13602993"]
[BlackFideId "4195752"]
[EventDate "2015.05.19"]

1. d4 d5 2. c4 c6 3. Nf3 Nf6 4. Nc3 dxc4 5. a4 Bf5 6. Ne5 Na6 7. e3 Nb4 8. Bxc4
e6 9. O-O Be7 10. Qe2 Bc2 11. b3 O-O 12. Bb2 c5 13. dxc5 Bxc5 14. Rac1 Bg6 15.
Nxg6 hxg6 16. e4 Qb6 17. e5 Nfd5 18. Ne4 Be7 19. Rfd1 Rad8 20. Qg4 Rd7 21. h4
Rfd8 22. Re1 Nc7 23. h5 gxh5 24. Qxh5 Nd3 25. Re3 Nxf2 26. Kxf2 Rd2+ 27. Kf3 Rd1
28. Rxd1 Rxd1 29. Ke2 Rb1 30. Bc3 Qc6 31. Qg4 Nd5 32. Bxd5 exd5 33. e6 d4 34.
exf7+ Kf8 35. Rg3 Qa6+ 36. Kd2 dxc3+ 37. Nxc3 Qh6+ 38. Kd3 Rb2 39. Qc8+ Kxf7 40.
Rf3+ Bf6 41. Qxb7+ Kg8 42. Ne4 Qg6 43. Qb8+ Kf7 44. Qxa7+ Kf8 45. Qc5+ Kf7 46.
Qd5+ Kf8 47. Rg3 Qe8 48. Qc5+ Qe7 49. Qxe7+ Kxe7 50. Kc4 1-0

[Event "16th ch-EUR Indiv w 2015"]
[Site "Chakvi GEO"]
[Date "2015.05.27"]
[Round "8.3"]
[White "Danielian, Elina"]
[Black "Guseva, Marina"]
[Result "1/2-1/2"]
[WhiteTitle "GM"]
[BlackTitle "IM"]
[WhiteElo "2458"]
[BlackElo "2391"]
[WhiteFideId "13300210"]
[BlackFideId "4149351"]
[EventDate "2015.05.19"]

1. d4 d5 2. c4 c6 3. Nc3 Nf6 4. Nf3 e6 5. Bg5 Nbd7 6. e3 Qa5 7. Nd2 Bb4 8. Qc2
O-O 9. a3 dxc4 10. Bxf6 Nxf6 11. Nxc4 Bxc3+ 12. bxc3 Qc7 13. Bd3 b6 14. O-O Ba6
15. a4 c5 16. Rfc1 h6 17. h3 Rfd8 18. Qe2 Rac8 19. Qb2 Rb8 20. Rab1 Ne4 21. Be2
Bxc4 22. Bxc4 e5 23. Bd3 Nd6 24. dxe5 Nb7 25. Bc4 Qxe5 26. Qa2 Rd7 27. Qe2 Rbd8
28. Qf3 Na5 29. Bb5 Rd2 30. g3 g6 31. h4 Kg7 32. Kg2 R8d6 33. Qf4 Qe7 34. e4 Qd8
35. e5 Re6 36. Re1 Rd5 37. Re3 c4 38. Rb4 Qe7 39. Bxc4 Nxc4 40. Rxc4 Rdxe5 41.
Qd4 1/2-1/2

[Event "16th ch-EUR Indiv w 2015"]
[Site "Chakvi GEO"]
[Date "2015.05.27"]
[Round "8.4"]
[White "Galojan, Lilit"]
[Black "Melia, Salome"]
[Result "0-1"]
[WhiteTitle "IM"]
[BlackTitle "IM"]
[WhiteElo "2275"]
[BlackElo "2452"]
[WhiteFideId "13301314"]
[BlackFideId "13602446"]
[EventDate "2015.05.19"]

1. c4 g6 2. Nc3 Bg7 3. Nf3 c5 4. e3 Nf6 5. d4 O-O 6. d5 d6 7. Bd3 e6 8. h3 exd5
9. cxd5 Nbd7 10. O-O a6 11. a4 Re8 12. Re1 Nh5 13. Bd2 f5 14. Rb1 Nhf6 15. Qc2
Rb8 16. b4 cxb4 17. Rxb4 Nc5 18. Nd4 Bd7 19. Be2 Kh8 20. Reb1 Rc8 21. Qa2 Nfe4
22. Nxe4 fxe4 23. Bg4 Bxg4 24. hxg4 Qh4 25. Be1 Nd3 26. Rxb7 Bxd4 27. exd4 Qxg4
28. Qd2 Nf4 29. g3 Nh3+ 30. Kg2 Ng5 31. R1b3 Qh3+ 0-1

[Event "16th ch-EUR Indiv w 2015"]
[Site "Chakvi GEO"]
[Date "2015.05.27"]
[Round "8.5"]
[White "Kovalevskaya, Ekaterina"]
[Black "Bodnaruk, Anastasia"]
[Result "1/2-1/2"]
[WhiteTitle "IM"]
[BlackTitle "IM"]
[WhiteElo "2450"]
[BlackElo "2402"]
[WhiteFideId "4116704"]
[BlackFideId "4181751"]
[EventDate "2015.05.19"]

1. e4 c5 2. Nf3 d6 3. d4 cxd4 4. Qxd4 Nc6 5. Bb5 Bd7 6. Qd3 g6 7. c4 Bg7 8. Nc3
Nf6 9. O-O O-O 10. h3 Ne8 11. Be3 Nc7 12. Rfd1 f5 13. c5 Nxb5 14. Nxb5 f4 15.
Bd2 a6 16. Na3 dxc5 17. Qc4+ e6 18. Qxc5 Rc8 19. Qd6 b5 20. Bc3 Bxc3 21. bxc3
Rf7 22. Nc2 Qf6 23. Ncd4 Kg7 24. Qa3 Ne5 25. Qxa6 Rxc3 26. Qd6 Nxf3+ 27. Nxf3
Rc6 28. Qe5 Rc4 29. Rac1 Be8 30. Rxc4 bxc4 31. Rc1 Qxe5 32. Nxe5 Ra7 33. Rxc4 h5
34. Rc2 Kf6 35. Nd3 g5 36. f3 Ra3 37. Nb4 Ra4 38. Rb2 Bb5 39. Nc2 Bd3 40. Kf2
Ke5 41. Ke1 1/2-1/2

[Event "16th ch-EUR Indiv w 2015"]
[Site "Chakvi GEO"]
[Date "2015.05.27"]
[Round "8.8"]
[White "Paehtz, Elisabeth"]
[Black "Szczepkowska-Horowska, Karina"]
[Result "1/2-1/2"]
[WhiteTitle "IM"]
[BlackTitle "WGM"]
[WhiteElo "2473"]
[BlackElo "2412"]
[WhiteFideId "4641833"]
[BlackFideId "1122681"]
[EventDate "2015.05.19"]

1. Nf3 d5 2. g3 Nf6 3. Bg2 c5 4. c4 e6 5. O-O Nc6 6. b3 Be7 7. e3 O-O 8. Bb2 Re8
9. Re1 Bf8 10. Ne5 Nxe5 11. Bxe5 Bd7 12. Nc3 Bc6 13. Bxf6 Qxf6 14. cxd5 exd5 15.
Nxd5 Qd6 16. Nf4 Bxg2 17. Kxg2 Rad8 18. Qf3 Qxd2 19. Qxb7 Qb2 20. Qf3 g6 21. Nd5
Bg7 22. e4 Rb8 23. Ne3 Rbd8 24. Nd5 Rb8 25. g4 Qc2 26. Re2 Qxe2 27. Qxe2 Bxa1
28. g5 Re6 29. f4 Kg7 30. Qc4 Bd4 31. e5 Rd8 32. h4 h6 33. gxh6+ Kxh6 34. Nf6
Kg7 35. Kf3 Rh8 36. Kg4 Rd8 37. Ne4 Bxe5 38. Nxc5 Red6 39. Nb7 Rd4 40. Nxd8 Rxc4
41. bxc4 Bd4 42. Kf3 Kf6 43. Nc6 Bb6 44. Ne5 Ke6 45. Kg4 Bf2 46. Nd3 Bb6 47. Nc1
Be3 48. Nb3 Bf2 49. Nc1 Be3 50. Nd3 Bb6 51. Ne5 Bf2 52. Nf3 Be3 53. Ng5+ Ke7 54.
Kf3 Bb6 55. Ke4 Bf2 56. Nf3 Ke6 57. f5+ Kd6 58. fxg6 fxg6 59. Kd3 Kc5 60. a3 Bg3
61. Kc3 Bf2 62. Kb3 Bg3 63. Kc3 Bf2 64. Kd3 Bg3 65. Kc3 1/2-1/2

[Event "16th ch-EUR Indiv w 2015"]
[Site "Chakvi GEO"]
[Date "2015.05.27"]
[Round "8.9"]
[White "Gaponenko, Inna"]
[Black "Hoang, Thanh Trang"]
[Result "1-0"]
[WhiteTitle "IM"]
[BlackTitle "GM"]
[WhiteElo "2391"]
[BlackElo "2472"]
[WhiteFideId "14101181"]
[BlackFideId "12400149"]
[EventDate "2015.05.19"]

1. e4 e6 2. d4 d5 3. Nd2 Nf6 4. e5 Nfd7 5. Bd3 c5 6. c3 Nc6 7. Ne2 cxd4 8. cxd4
f6 9. exf6 Nxf6 10. O-O Bd6 11. Nf3 Qc7 12. Nc3 a6 13. h3 O-O 14. Be3 Bd7 15.
Rc1 Be8 16. Ng5 Qe7 17. f4 h6 18. Nf3 Nh5 19. Ne5 Ng3 20. Rf2 Qh4 21. Qg4 Qxg4
22. hxg4 h5 23. Kh2 h4 24. Kh3 g5 25. fxg5 Nxe5 26. dxe5 Bxe5 27. Rxf8+ Kxf8 28.
Bc5+ Kf7 29. Re1 Bxc3 30. bxc3 Ne4 31. Bxe4 dxe4 32. Rxe4 Bc6 33. Rf4+ Kg8 34.
Kxh4 Rd8 35. g6 Rd5 36. Bf8 Be8 37. Rf6 Bxg6 38. Rxg6+ Kxf8 39. Rxe6 Rd2 40. Rb6
Rxa2 41. Rxb7 Rxg2 42. Kh5 a5 43. g5 a4 44. Ra7 Rc2 45. Kh6 Rxc3 46. Ra8+ Kf7
47. g6+ Kf6 48. Ra6+ Ke7 49. Rxa4 Rh3+ 50. Kg7 Re3 51. Rf4 Re1 52. Kg8 Rg1 53.
g7 Rg2 54. Rf1 Rb2 55. Rh1 1-0

[Event "16th ch-EUR Indiv w 2015"]
[Site "Chakvi GEO"]
[Date "2015.05.27"]
[Round "8.10"]
[White "Abdulla, Khayala"]
[Black "Socko, Monika"]
[Result "0-1"]
[WhiteTitle "WIM"]
[BlackTitle "GM"]
[WhiteElo "2266"]
[BlackElo "2467"]
[WhiteFideId "13401807"]
[BlackFideId "1106619"]
[EventDate "2015.05.19"]

1. e4 g6 2. d4 d6 3. Nc3 Bg7 4. f4 Nf6 5. Nf3 O-O 6. Be3 b6 7. Qd2 Bb7 8. e5 Ng4
9. O-O-O c5 10. dxc5 bxc5 11. Bxc5 Qa5 12. Ba3 dxe5 13. Nd5 Qxd2+ 14. Rxd2 Bxd5
15. Rxd5 Ne3 16. Rd2 Nxf1 17. Rxf1 Nc6 18. Nxe5 Nxe5 19. fxe5 Bh6 20. Bxe7 Rfb8
21. Rd1 Rb5 22. Bd6 Rd5 23. c4 Rc8 24. b3 f6 25. Kc2 Rxd2+ 26. Rxd2 Bxd2 27.
Kxd2 Kf7 28. exf6 Kxf6 29. Kc3 Ke6 30. Bg3 g5 31. b4 Rf8 32. b5 h5 33. h4 Rg8
34. Bf2 gxh4 35. Bxa7 Rxg2 36. b6 Rg7 37. c5 Kd5 38. Kb4 Kc6 39. Bb8 Rg4+ 40.
Ka5 Rg8 41. Bd6 Ra8+ 42. Kb4 Rxa2 0-1

[Event "16th ch-EUR Indiv w 2015"]
[Site "Chakvi GEO"]
[Date "2015.05.27"]
[Round "8.11"]
[White "Guramishvili, Sopiko"]
[Black "Ushenina, Anna"]
[Result "1/2-1/2"]
[WhiteTitle "IM"]
[BlackTitle "GM"]
[WhiteElo "2370"]
[BlackElo "2467"]
[WhiteFideId "13602888"]
[BlackFideId "14110911"]
[EventDate "2015.05.19"]

1. d4 d5 2. c4 c6 3. Nc3 Nf6 4. e3 a6 5. Qc2 e6 6. Nf3 c5 7. cxd5 exd5 8. Be2
Be6 9. O-O Nc6 10. Rd1 cxd4 11. Nxd4 Nxd4 12. Rxd4 Bd6 13. Bf3 Qc7 14. h3 O-O
15. Bd2 Be5 16. Rh4 Rfd8 17. Rd1 Rac8 18. Be1 h6 19. Qa4 Qe7 20. Qb4 Bd6 21. Qa4
Be5 22. Qb4 Bd6 23. Qa4 Be5 1/2-1/2

[Event "16th ch-EUR Indiv w 2015"]
[Site "Chakvi GEO"]
[Date "2015.05.27"]
[Round "8.12"]
[White "Mikadze, Miranda"]
[Black "Mkrtchian, Lilit"]
[Result "1/2-1/2"]
[WhiteTitle "WIM"]
[BlackTitle "IM"]
[WhiteElo "2233"]
[BlackElo "2459"]
[WhiteFideId "13603108"]
[BlackFideId "13300601"]
[EventDate "2015.05.19"]

1. d4 Nf6 2. Nf3 e6 3. Bf4 b6 4. e3 Bb7 5. Bd3 d6 6. Nbd2 Nbd7 7. O-O Qe7 8. e4
e5 9. dxe5 dxe5 10. Bg3 Ng8 11. Qe2 f6 12. Ba6 Bxa6 13. Qxa6 Nc5 14. Qe2 Qe6 15.
Rfd1 Nh6 16. a4 a6 17. Nc4 Be7 18. Nfd2 O-O 19. Ne3 c6 20. b4 Nd7 21. c3 b5 22.
f3 Nb6 23. a5 Na4 24. Rxa4 bxa4 25. Ra1 Rfd8 26. Rxa4 Qd7 27. Ndc4 Qd3 28. Qxd3
Rxd3 29. Be1 Nf7 30. Kf2 Ng5 31. Ke2 Rdd8 32. Bf2 Ne6 33. g3 Bf8 34. Nb6 Rab8
35. Ra1 Kf7 36. Rb1 g6 37. Nec4 Nc7 38. Na4 Ne6 39. Nab6 Rb7 40. Be3 Rbb8 41.
Bd2 1/2-1/2

[Event "16th ch-EUR Indiv w 2015"]
[Site "Chakvi GEO"]
[Date "2015.05.27"]
[Round "8.13"]
[White "Kashlinskaya, Alina"]
[Black "Charochkina, Daria"]
[Result "1-0"]
[WhiteTitle "IM"]
[BlackTitle "WGM"]
[WhiteElo "2423"]
[BlackElo "2391"]
[WhiteFideId "4198026"]
[BlackFideId "4180917"]
[EventDate "2015.05.19"]

1. d4 Nf6 2. c4 e6 3. Nc3 Bb4 4. Qc2 d6 5. e3 O-O 6. Bd3 e5 7. Ne2 Bxc3+ 8. bxc3
Qe7 9. e4 Nc6 10. f3 b6 11. O-O Ba6 12. Rb1 Na5 13. f4 Nd7 14. Ng3 g6 15. c5
Bxd3 16. Qxd3 dxc5 17. fxe5 Rfd8 18. Nf5 gxf5 19. Qg3+ Kh8 20. Bg5 f6 21. exf6
Qf7 22. Rxf5 Rg8 23. Qxc7 Rac8 24. Qf4 cxd4 25. cxd4 Qxa2 26. Rf1 Qf7 27. e5 Rg6
28. Qe4 Re8 29. d5 Nc5 30. Qf3 Nc4 31. Qc3 h6 32. e6 Nxe6 33. dxe6 Rxe6 34. Qxc4
hxg5 35. h4 g4 36. h5 Rg8 37. Qf4 Kh7 38. Rc1 Rd8 39. Rc7 Rd7 40. Rxd7 Qxd7 41.
f7 Re1+ 42. Kf2 Rf1+ 43. Kxf1 Qd3+ 44. Kg1 1-0